00997nam a2200229Ka 4500020001600000020001900016020001600035020001900051020001600070020001900086020001600105040000800121082002600129100001700155245009000172260003600262300002900298520039500327650001200722650002200734650001100756 a0439050006  a9780439050005  a0545385725  a9780545385725  a1435257081  a9781435257085  a0613357671  cIEB a813 SCH 2001 A094 Or.1 aPilkey, Dav,10aCaptain Underpants and the wrath of the wicked Wedgie Woman :bthe fifth epic novel / aNew York :bScholastic,cc2001. a165 p. :bill. ;c20 cm. aGeorge and Harold have really done it this time-- they've created a monster! She's faster, smarter, and more evil than anything the world has seen before--she's Wedgie Woman! With the help of her horrible robots and her horrendous hairdo, Wedgie Woman is on a mission to take over the world, and she'll give a whopping wedgie to anyone who stands in her way--including Captain Underpants. 0aSchools 0aSchool principals 0aHeroes